Name every African Country - Statistics

General Stats
  • This quiz has been taken 4,012 times
    3,994 since last reset
  • The average score is 42 of 55
Answers on the Map
Answers color-coded by a green-red scale on the quiz's map according to % correct below.
 
Answer Stats
Country % Correct
Egypt
96%
South Africa
96%
Madagascar
93%
Algeria
92%
Morocco
92%
Niger
92%
DR Congo
91%
Nigeria
91%
Nigeria
91%
Sudan
91%
South Sudan
89%
Libya
87%
Republic of the Congo
87%
Chad
86%
Somalia
86%
Ethiopia
83%
Tunisia
83%
Zimbabwe
82%
Kenya
81%
Angola
79%
Ghana
79%
Mali
79%
Zambia
79%
Lesotho
77%
Central African Republic
76%
Côte d'Ivoire
76%
Guinea
75%
Senegal
75%
Botswana
73%
Namibia
73%
Tanzania
73%
Uganda
73%
Mozambique
72%
Rwanda
72%
Cameroon
71%
Eritrea
70%
Togo
70%
Liberia
69%
Mauritania
69%
Djibouti
68%
Benin
67%
Eswatini
67%
Gambia
67%
Seychelles
66%
Cape Verde
65%
Mauritius
65%
Equatorial Guinea
64%
Burkina Faso
62%
Malawi
62%
Guinea-Bissau
61%
Sierra Leone
61%
Gabon
60%
Burundi
58%
Sao Tome & Principe
54%
Comoros
52%
No matching quizzes found
Score Distribution
Percent of People with Each Score
Percentile by Number Answered
Your Score History
You have not taken this quiz since the last reset